header

Trends in nursing research (Record no. 171835)

MARC details
000 -LEADER
fixed length control field 01246nam a2200337Ia 4500
082 04 - DEWEY DECIMAL CLASSIFICATION NUMBER
Classification number 610.73
245 00 - TITLE STATEMENT
Title Trends in nursing research
260 ## - PUBLICATION, DISTRIBUTION, ETC. (IMPRINT)
Place of publication New York :
Name of publisher Nova Science Publishers,
Year of publication c2009.
300 ## - PHYSICAL DESCRIPTION
Number of Pages xiii, 305 p. :
Other physical details ill. (some col.)
650 #0 - SUBJECT ADDED ENTRY--TOPICAL TERM
Topical Term Nursing.
Topical Term Nurses.
700 1# - ADDED ENTRY--PERSONAL NAME
Personal name Ryan, Adam J.
Personal name Doyle, Jack,
856 40 - ELECTRONIC LOCATION AND ACCESS
Uniform Resource Identifier http://site.ebrary.com/lib/rucke/Doc?id=10662853

No items available.

© 2026 Rongo University
Contact us: librarian | system librarian | Rongo university